| 000 | 00800nam a22002177a 4500 | ||
|---|---|---|---|
| 003 | DO-SdBNP | ||
| 005 | 20180222123121.0 | ||
| 008 | 151120b 1982 sp a xxu||||| |||| 00| 0 spa d | ||
| 020 | _a8486160006 | ||
| 040 |
_aBPMSU _bspa _cBPMSU |
||
| 100 | 1 | _aKotzwinkle, William | |
| 240 | 1 | 0 |
_aE.T. the extra-terrestrial. _lEspañol |
| 245 | 1 | 0 |
_aE.T. : el extraterrestre : _b el extraterrestre / _c William Kotzwinkle ; sobre un guión cinemetográfico de Melissa Mathison ; traducción: Graziella Baravalle. |
| 260 |
_aBarcelona : _bCebra Ediciones, _c1982. |
||
| 300 |
_a[56] p. : _bil. ; _c30 cm. |
||
| 700 | 1 | 2 |
_aMathison, Melissa, _d1950-2015. |
| 700 | 1 | 2 |
_aBaravalle, Graziella , _d1940- _etr. |
| 942 |
_2ddc _cBK |
||
| 945 | _aInventariado,2018/MFF | ||
| 956 |
_aLorenza Pérez _b10 _3BPMSU _600041 |
||
| 999 |
_c8853 _d8853 |
||